MARC details
| 000 -LEADER |
| fixed length control field |
01576nam a2200457 a 4500 |
| 001 - CONTROL NUMBER |
| control field |
2787779 |
| 005 - DATE AND TIME OF LATEST TRANSACTION |
| control field |
20210625105936.0 |
| 008 - FIXED-LENGTH DATA ELEMENTS--GENERAL INFORMATION |
| fixed length control field |
060703t20062001nyu 000 1 eng d |
| 020 ## - INTERNATIONAL STANDARD BOOK NUMBER |
| International Standard Book Number |
9780812971385 : |
| Terms of availability |
$17.00 |
| 020 ## - INTERNATIONAL STANDARD BOOK NUMBER |
| International Standard Book Number |
0812971388 (pbk.) : |
| Terms of availability |
$17.00 |
| 035 ## - SYSTEM CONTROL NUMBER |
| System control number |
(OCoLC)64773982 |
| 035 ## - SYSTEM CONTROL NUMBER |
| System control number |
(OCoLC)ocm64773982 |
| 035 ## - SYSTEM CONTROL NUMBER |
| System control number |
2777204 |
| 040 ## - CATALOGING SOURCE |
| Original cataloging agency |
PABRO |
| Transcribing agency |
PABRO |
| Description conventions |
rda |
| 049 ## - LOCAL HOLDINGS (OCLC) |
| Holding library |
IGAA |
| 050 #4 - LIBRARY OF CONGRESS CALL NUMBER |
| Classification number |
PS3566.E718 |
| Item number |
P87 2006 |
| 082 04 - DEWEY DECIMAL CLASSIFICATION NUMBER |
| Classification number |
813/.54 |
| Edition number |
23 |
| 092 ## - LOCALLY ASSIGNED DEWEY CALL NUMBER (OCLC) |
| Classification number |
F |
| 999 ## - SYSTEM CONTROL NUMBERS (KOHA) |
| Koha Dewey Subclass [OBSOLETE] |
F |
| 100 1# - MAIN ENTRY--PERSONAL NAME |
| Personal name |
Perry, Thomas, |
| Dates associated with a name |
1947- |
| Relator term |
author |
| 9 (RLIN) |
16313 |
| 245 10 - TITLE STATEMENT |
| Title |
Pursuit : |
| Remainder of title |
a novel / |
| Statement of responsibility, etc |
Thomas Perry. |
| 260 ## - PUBLICATION, DISTRIBUTION, ETC. (IMPRINT) |
| Place of publication, distribution, etc |
New York : |
| Name of publisher, distributor, etc |
Random House Trade Paperbacks, |
| Date of publication, distribution, etc |
2006, c2001. |
| 264 #1 - Production, Publication, Distribution, Manufacture, and Copyright Notice. |
| Place of production, publication, distribution, manufacture |
New York : |
| Name of producer, publisher, distributor, manufacturer |
Random House Trade Paperbacks, |
| Date of production, publication, distribution, manufacture, or copyr |
2006. |
| 264 #4 - Production, Publication, Distribution, Manufacture, and Copyright Notice. |
| Date of production, publication, distribution, manufacture, or copyr |
c2001. |
| 300 ## - PHYSICAL DESCRIPTION |
| Extent |
382 p. ; |
| Dimensions |
20 cm. |
| 336 ## - Content Type |
| Content type term |
text |
| 337 ## - Media type |
| Media type term |
unmediated |
| 338 ## - Carrier type |
| Carrier type term |
volume |
| 650 #0 - SUBJECT ADDED ENTRY--TOPICAL TERM |
| Topical term or geographic name as entry element |
Ex-police officers |
| Form subdivision |
Fiction. |
| 9 (RLIN) |
5674708 |
| 650 #0 - SUBJECT ADDED ENTRY--TOPICAL TERM |
| Topical term or geographic name as entry element |
Serial murders |
| Form subdivision |
Fiction. |
| 9 (RLIN) |
5678480 |
| 650 #0 - SUBJECT ADDED ENTRY--TOPICAL TERM |
| Topical term or geographic name as entry element |
Mass murder |
| Form subdivision |
Fiction. |
| 9 (RLIN) |
5681344 |
| 650 #0 - SUBJECT ADDED ENTRY--TOPICAL TERM |
| Topical term or geographic name as entry element |
Murderers |
| Form subdivision |
Fiction. |
| 9 (RLIN) |
5675302 |
| 650 #7 - SUBJECT ADDED ENTRY--TOPICAL TERM |
| Topical term or geographic name as entry element |
FICTION / Mystery & Detective / Hard-Boiled |
| Source of heading or term |
bisacsh |
| 9 (RLIN) |
5735142 |
| 650 #7 - SUBJECT ADDED ENTRY--TOPICAL TERM |
| Topical term or geographic name as entry element |
FICTION / Thrillers / Crime |
| Source of heading or term |
bisacsh |
| 9 (RLIN) |
5718921 |
| 650 #7 - SUBJECT ADDED ENTRY--TOPICAL TERM |
| Topical term or geographic name as entry element |
FICTION / Thrillers / Suspense |
| Source of heading or term |
bisacsh |
| 9 (RLIN) |
5716084 |
| 655 #7 - INDEX TERM--GENRE/FORM |
| Genre/form data or focus term |
Psychological fiction. |
| Source of term |
lcsh |
| 9 (RLIN) |
5673631 |
| 655 #7 - INDEX TERM--GENRE/FORM |
| Genre/form data or focus term |
Mystery fiction. |
| Source of term |
gsafd |
| 787 0# - NONSPECIFIC RELATIONSHIP ENTRY |
| Note |
OCLC Work Id |
| Other item identifier |
http://worldcat.org/entity/work/id/326275578 |
| 942 ## - ADDED ENTRY ELEMENTS (KOHA) |
| Source of classification or shelving scheme |
Dewey Decimal Classification |
| Koha item type |
BOOK |